000 00652nam a2200241 i 4500
001 C2-0075715
003 PPAK
005 20180727081728.0
008 970429s1989 enka|||| ||||| | eng d
020 _a0600566315
040 _aPPAK
_beng
_cPPAK
_erda
082 0 4 _a388.312
_223
090 0 0 _a388.312
_bGOS
_dG
100 1 _aGoss, Wendy,
_eauthor
245 1 4 _aThe highway code
264 1 _aLondon :
_bHamlyn ,
_c1989
300 _a128 pages :
_billustrations ;
_c20 cm
336 _2rdacontent
_atext
337 _2rdamedia
_aunmediated
338 _2rdacarrier
_avolume
650 1 0 _aTraffic signs and signals - Miscellanea
942 _ddc
_cB
999 _c11407
_d11407